000 00447nam a2200145Ia 4500
005 20250424120336.0
008 250424s9999 xx 000 0 und d
022 _aDS 396.9 .S67/
050 _aUTSA discover: research, scholarship and creative achievement at the university of texas at san antonio
245 0 _aSan Antonio
260 _aDepartment of Banking & Finance NSUK
260 _b2007
260 _c27 p. : ill. ; 28 cm.
650 _aSR
999 _c38767
_d38767